Treuste Bundesligaspieler - Statistiken

Allgemein
  • Dieses Quiz wurde 127 mal gespielt
    8 seit der letzten Aktualisierung
  • Das Durchschnittsergebnis liegt bei 16 aus 27
Antwortstatistiken
Verein seit Spieler % Korrekt
Freiburg 12/13 Christian Günter
100%
Bayern 16/17 Joshua Kimmich
100%
Bayern 11/12 Manuel Neuer
100%
Hoffenheim 17/18 Andrej Kramaric
80%
Heidenheim 16/17 Kevin Müller
80%
Wolfsburg 11/12 Maxi Arnold
80%
Hoffenheim 15/16 Oliver Baumann
80%
Leipzig 16/17 Péter Gulácsi
80%
Bayern 18/19 Serge Gnabry
80%
Mainz 10/11 Stefan Bell
80%
Leipzig 16/17 Willi Orban
80%
Union 15/16 Christopher Trimmel
60%
Gladbach 18/19 Florian Neuhaus
60%
Augsburg 16/17 Jeffrey Gouweleeuw
60%
Leipzig 15/16 Lukas Klostermann
60%
Gladbach 16/17 Nico Elvedi
60%
Freiburg 10/11 Nicolas Höfler
60%
Frankfurt 15/16 Timothy Chandler
60%
Hoffenheim 17/18 Dennis Geiger
40%
Hoffenheim 13/14 Kevin Akpoguma
40%
Mainz 15/16 Robin Zentner
40%
Wolfsburg 17/18 Yannick Gerhardt
40%
Hamburg 17/18 Bakery Jatta
20%
Freiburg 16/17 Lukas Kübler
20%
Heidenheim 18/19 Marnon Busch
20%
Leverkusen 12/13 Niklas Lomb
20%
Gladbach 16/17 Tobias Sippel
20%
Keine übereinstimmenden Quizze gefunden
Verteilung der Resultate
Anzahl Personen mit jedem Resultat
Perzentil nach korrekt beantworteten Fragen
Ihre Resultats-Entwicklung
Sie haben dieses Quiz seit der letzten Aktualisierung nicht gespielt